000 00773nam a2200229 a 4500
001 0925
005 20140414132144.0
008 041008s19uu xx 00 eng d
020 _a0-590-76154-4
050 _aKIT (SER) 513.2'11
_bC14 1998
100 _aChessen, Betsey
245 _aCounting penguins /
_cBetsey Chessen, Pamela Chanko.
260 _aNew York:
_bScholastic,
_c1998.
300 _a1 v. (unp.) : ill. ; cm.
440 _aScience Emergent Readers
500 _a"Scholastic early childhood"--Includes index
520 _aPhotographs and simple text invite the reader to count penguins engaged in various activities.
650 _aCounting
_xJuvenile literature.
650 _aPenguins
_xJuvenile literature.
999 _c115397
_d115397